000 00657nam a22002052 4500
001 0000005328
005 20151217152001.0
008 070611s xx 000 0 eng d
020 _a0415065526 :
040 _aKABU
_cKABU
050 0 _aV301
_b.M5F85
100 1 _aFukasaku, Yukiko.
_@0000156565
245 1 0 _aTechnology and industrial development in pre-war Japan :
_bMitsubishi Nagasaki Shipyard.
260 _aLondon :
_bRoutledge,
_c1992.
300 _axviii, 189 p.
600 1 0 _aMitsubishi, Zosen Kabushiki Kaisha Nagosaki Zosenii
_xHistory.
_@0000156566
908 _a070611
950 _@1
999 _c7004
_d7004